<?xml version="1.0" encoding="UTF-8"?>
<record
    xmlns:xsi="http://www.w3.org/2001/XMLSchema-instance"
    xsi:schemaLocation="http://www.loc.gov/MARC21/slim http://www.loc.gov/standards/marcxml/schema/MARC21slim.xsd"
    xmlns="http://www.loc.gov/MARC21/slim">

  <leader>03406nam a2200565Ia 4500</leader>
  <controlfield tag="001">2983</controlfield>
  <controlfield tag="008">241029s9999    xx            000 0 und d</controlfield>
  <datafield tag="010" ind1=" " ind2=" ">
    <subfield code="a">2799</subfield>
  </datafield>
  <datafield tag="041" ind1=" " ind2=" ">
    <subfield code="a">Espa&#xF1;ol</subfield>
  </datafield>
  <datafield tag="082" ind1=" " ind2=" ">
    <subfield code="a">CURNE ped-58 F.H. 1996 M.A.</subfield>
  </datafield>
  <datafield tag="245" ind1=" " ind2="0">
    <subfield code="a">Estrategias metodol&#xF3;gicas utilizadas por los docentes del &#xE1;rea de letras b&#xE1;sicas del Centro Universitario Regional de Nagua (CURNA), en el proceso ense&#xF1;anza-aprendizaje: Su efectividad e incidencia en el desarrollo del l&#xE9;xico de los educandos en el Semestre 2004-1</subfield>
  </datafield>
  <datafield tag="260" ind1=" " ind2=" ">
    <subfield code="a">Mar&#xED;a Trinidad S&#xE1;nchez</subfield>
  </datafield>
  <datafield tag="300" ind1=" " ind2=" ">
    <subfield code="a">81</subfield>
  </datafield>
  <datafield tag="520" ind1=" " ind2=" ">
    <subfield code="a">26</subfield>
  </datafield>
  <datafield tag="630" ind1=" " ind2=" ">
    <subfield code="a">Docentes</subfield>
  </datafield>
  <datafield tag="630" ind1=" " ind2=" ">
    <subfield code="a">Ense&#xF1;anza-Aprendizaje</subfield>
  </datafield>
  <datafield tag="630" ind1=" " ind2=" ">
    <subfield code="a">Estrategia Metodol&#xF3;gica</subfield>
  </datafield>
  <datafield tag="630" ind1=" " ind2=" ">
    <subfield code="a">Lenguaje y Lenguas-Ense&#xF1;anza</subfield>
  </datafield>
  <datafield tag="650" ind1=" " ind2=" ">
    <subfield code="a">Lengua Espa&#xF1;ola</subfield>
  </datafield>
  <datafield tag="690" ind1=" " ind2=" ">
    <subfield code="a">Elaborado</subfield>
  </datafield>
  <datafield tag="700" ind1=" " ind2=" ">
    <subfield code="e">asesor</subfield>
    <subfield code="a"> De los Santos, Julio</subfield>
  </datafield>
  <datafield tag="700" ind1=" " ind2=" ">
    <subfield code="e">autor</subfield>
    <subfield code="a"> Caro, Sarah</subfield>
  </datafield>
  <datafield tag="700" ind1=" " ind2=" ">
    <subfield code="e">autor</subfield>
    <subfield code="a"> Gonz&#xE1;lez Mart&#xED;nez, Seferina</subfield>
  </datafield>
  <datafield tag="901" ind1=" " ind2=" ">
    <subfield code="a">{"1":" Caro","2":" Gonz&#xE1;lez Mart&#xED;nez"}</subfield>
    <subfield code="b">{"1":"Sarah","2":"Seferina"}</subfield>
  </datafield>
  <datafield tag="902" ind1=" " ind2=" ">
    <subfield code="a">1</subfield>
  </datafield>
  <datafield tag="903" ind1=" " ind2=" ">
    <subfield code="a">{"1":" De los Santos"}</subfield>
    <subfield code="b">{"1":"Julio"}</subfield>
  </datafield>
  <datafield tag="904" ind1=" " ind2=" ">
    <subfield code="a">Mag&#xED;ster en</subfield>
  </datafield>
  <datafield tag="905" ind1=" " ind2=" ">
    <subfield code="a">Educaci&#xF3;n Superior</subfield>
  </datafield>
  <datafield tag="906" ind1=" " ind2=" ">
    <subfield code="a">2</subfield>
  </datafield>
  <datafield tag="907" ind1=" " ind2=" ">
    <subfield code="a">NO APLICA</subfield>
  </datafield>
  <datafield tag="908" ind1=" " ind2=" ">
    <subfield code="a">NO APLICA</subfield>
  </datafield>
  <datafield tag="909" ind1=" " ind2=" ">
    <subfield code="a">Universidad Aut&#xF3;noma de Santo Domingo (UASD)</subfield>
  </datafield>
  <datafield tag="910" ind1=" " ind2=" ">
    <subfield code="a">NULL</subfield>
    <subfield code="b">NULL</subfield>
  </datafield>
  <datafield tag="911" ind1=" " ind2=" ">
    <subfield code="a">["1"]</subfield>
  </datafield>
  <datafield tag="912" ind1=" " ind2=" ">
    <subfield code="a">NO APLICA</subfield>
  </datafield>
  <datafield tag="913" ind1=" " ind2=" ">
    <subfield code="a">NULL</subfield>
  </datafield>
  <datafield tag="914" ind1=" " ind2=" ">
    <subfield code="a">02 de Mayo de 2005</subfield>
  </datafield>
  <datafield tag="915" ind1=" " ind2=" ">
    <subfield code="a">30/06/15 11:06</subfield>
  </datafield>
  <datafield tag="916" ind1=" " ind2=" ">
    <subfield code="a">NULL</subfield>
  </datafield>
  <datafield tag="917" ind1=" " ind2=" ">
    <subfield code="a">NULL</subfield>
  </datafield>
  <datafield tag="918" ind1=" " ind2=" ">
    <subfield code="a">NO APLICA</subfield>
  </datafield>
  <datafield tag="919" ind1=" " ind2=" ">
    <subfield code="a">["70","89","95","130"]</subfield>
  </datafield>
  <datafield tag="520" ind1=" " ind2=" ">
    <subfield code="a">El prop&#xF3;sito de esta investigaci&#xF3;n fue identificar las estrategias utilizadas por los docentes del &#xE1;rea de Letras B&#xE1;sicas del Centro Universitario Regional del Nagua (CURNA) en el proceso de ense&#xF1;anza-aprendizaje: su efectividad e incidencia en el desarrollo del l&#xE9;xico de los educandos en el semestre 2004-I.La metodolog&#xED;a utilizada fue de tipo descriptivo, se utiliz&#xF3; una poblaci&#xF3;n de 968 educandos 23 secciones y 6 docentes de los cuales se tom&#xF3; una muestra de 275 equivalentes al 28%.Dentro de las principales conclusiones tenemos: En cuanto a las estrategias de los docentes estos usan pocas veces lectura y an&#xE1;lisis de textos, adem&#xE1;s utilizan pocas veces el diccionario como recurso; en relaci&#xF3;n al uso de las t&#xE9;cnicas de dominio de t&#xE9;rminos polis&#xE9;micos, hom&#xF3;fonos, ant&#xF3;nimos, y sin&#xF3;nimos revelan una media baja(1.66), indicando que los docentes del CURNA lo utilizan pocas veces, as&#xED; tambi&#xE9;n la t&#xE9;cnica de sustantivaci&#xF3;n y adjetivaci&#xF3;n revel&#xF3; una media baja(1.66-1.85), con relaci&#xF3;n a la derivaci&#xF3;n de las palabras con prefijos, a partir de ra&#xED;z latinas y t&#xE9;rminos afines se evidencia una media relativamente alta (2.0-2.5), en lo que concierne a las actividades de producci&#xF3;n escrita como el parafraseo y la producci&#xF3;n de p&#xE1;rrafos son las que revelan la puntuaci&#xF3;n m&#xE1;s baja de los resultados (60.4 y 78.2%).En conclusi&#xF3;n, actualmente se requiere de nuestra sociedad de sujetos activos, reflexivos, indagadores y cr&#xED;ticos, capaces de desenvolverse en cualquier medio, pero no se logra si el profesional que sale de los centros universitarios son personas introvertidas, incapaz de pensar o llevar a cabo proyectos importantes que los beneficie a ellos mismos y a la sociedad.</subfield>
  </datafield>
  <datafield tag="921" ind1=" " ind2=" ">
    <subfield code="a">28</subfield>
  </datafield>
  <datafield tag="922" ind1=" " ind2=" ">
    <subfield code="a">28</subfield>
  </datafield>
  <datafield tag="923" ind1=" " ind2=" ">
    <subfield code="a">0</subfield>
  </datafield>
  <datafield tag="924" ind1=" " ind2=" ">
    <subfield code="a">NO APLICA</subfield>
  </datafield>
  <datafield tag="942" ind1=" " ind2=" ">
    <subfield code="c">Tesis</subfield>
  </datafield>
  <datafield tag="999" ind1=" " ind2=" ">
    <subfield code="c">2799</subfield>
    <subfield code="d">2799</subfield>
  </datafield>
</record>
